Statistics for Countries that Visit California the Most

Click here to take the quiz!

General Stats

  • This quiz has been taken 136 times
  • The average score is 10 of 12

Answer Stats

VisitorsCountry% Correct
492,320Mexico (by air only)
98%
1,638,000Canada
97%
904,732China
97%
541,429United Kingdom
97%
436,300Japan
96%
323,086France
95%
319,986Germany
94%
140,624Brazil
82%
393,527Australia
81%
353,358South Korea
78%
221,442India
71%
178,934Taiwan
46%

Score Distribution

Percentile by Number Answered

Percent of People with Each Score

Your Score History

You have not taken this quiz